书目信息 |
| 题名: |
外贸单证实务
|
|
| 作者: | 戴宾 , 陈有真 编 | |
| 分册: | ||
| 出版信息: | 成都 西南交通大学出版社 2002.08 |
|
| 页数: | 299页 | |
| 开本: | 20cm | |
| 丛书名: | ||
| 单 册: | ||
| 中图分类: | F740.44 | |
| 科图分类: | ||
| 主题词: | 国际贸易--Guo Ji Mao Yi--票据--基本知识 | |
| 电子资源: | ||
| ISBN: | 7-81057-519-8 | |
| 000 | 01296nam0 2200445 450 | |
| 001 | CAL 012001417130 | |
| 005 | 20040327101252.1 | |
| 010 | @a7-81057-519-8@dCNY15.00 | |
| 099 | @aCAL 012001417130 | |
| 100 | @a20041207d2002 ekmy0chiy0120 ea | |
| 101 | 0 | @achi |
| 102 | @aCN@b510000 | |
| 105 | @aak z 000yy | |
| 200 | 1 | @a外贸单证实务@AWai Mao Dan Zheng Shi Wu@f戴宾, 陈有真编@Fdai bin,chen you zhen bian@zeng |
| 205 | @a2版 | |
| 210 | @a成都@c西南交通大学出版社@d2002.08 | |
| 215 | @a299页@d20cm | |
| 330 | @a本书包括:第一章:总论、第二章:国际货物买卖合同、第三章:信用证、第四章:票据、第五章:发票、第六章:运输单据等内容。 | |
| 333 | @a读者对象:大专院校有关专业者。 | |
| 606 | 0 | @a国际贸易@AGuo Ji Mao Yi@x票据@x基本知识 |
| 690 | @aF740.44@v4 | |
| 701 | 0 | @a戴宾@Adai bin@4编 |
| 701 | 0 | @a陈有真@Achen you zhen@4编 |
| 801 | 2 | @aCN@bBUA@c20041207 |
| 801 | 2 | @aCN@bNUL@c20020326 |
| 905 | @aBZT@dF740.44@e1@f6 | |
| 906 | @dCNY14.00@n0@r1 | |
| 920 | @a211060@z1 | |
| 920 | @a235010@z1 | |
| 920 | @a242030@z1 | |
| 920 | @a241031@z1 | |
| 920 | @a261030@z1 | |
| 920 | @a244020@z1 | |
| 920 | @a221060@z1 | |
| 920 | @a261020@z1 | |
| 920 | @a232010@z1 | |
| 920 | @a214010@z1 | |
| 920 | @a221410@z1 | |
| 920 | @a231010@z1 | |
| 998 | @aBUA | |
| 外贸单证实务/戴宾, 陈有真编.-2版.-成都:西南交通大学出版社,2002.08 |
| 299页;20cm |
| 使用对象:读者对象:大专院校有关专业者。 |
| ISBN 7-81057-519-8:CNY15.00 |
| 本书包括:第一章:总论、第二章:国际货物买卖合同、第三章:信用证、第四章:票据、第五章:发票、第六章:运输单据等内容。 |
| ● |
| 相关链接 |
|
|
|
正题名:外贸单证实务
索取号:F740.44/1
 
预约/预借
| 序号 | 登录号 | 条形码 | 馆藏地/架位号 | 状态 | 备注 |
| 1 | 0375925 | 200895772 | 样本书库/样001架A面4层1列/ [索取号:F740.44/1] | 在馆 | |
| 2 | 0375926 | 200895745 | 中心书库北库/ 北库037架B面4列5层53/ [索取号:F740.44/1] | 在馆 | |
| 3 | 0375927 | 200895754 | 中心书库北库/ 北库037架B面4列5层55/ [索取号:F740.44/1] | 在馆 | |
| 4 | 0375928 | 200895727 | 中心书库北库/ 北库037架B面4列5层52/ [索取号:F740.44/1] | 在馆 | |
| 5 | 0375929 | 200895736 | 中心书库北库/ 北库037架B面4列5层54/ [索取号:F740.44/1] | 在馆 | |
| 6 | 0375930 | 200895709 | 中心书库北库/ 北库037架B面4列5层56/ [索取号:F740.44/1] | 在馆 |